The Middle TV Show Slot Machine Quiz Stats

Quiz not verified by Sporcle

Score 0/6 Timer 03:00
0 Plays Today
% Correct
Frankie
98%
Rita
95.5%
Mike
95.1%
Sue
94.2%
Axl
93.9%
Brick
93.9%

You're not logged in!

Compare scores with friends on all Sporcle quizzes.
Sign Up with Email
OR
Log In

You Might Also Like...

Show Comments

Extras

Top Quizzes Today


Score Distribution

Your Account Isn't Verified!

In order to create a playlist on Sporcle, you need to verify the email address you used during registration. Go to your Sporcle Settings to finish the process.